000 00518nam a2200181Ia 4500
008 100917s9999 xx 000 0 und d
082 _b26744
100 _aतेंडुलकर विजय
245 _aभाऊ मुरारराव
260 _bनीलकंठ प्रकाशन
_c1975
300 _a72
365 _b8
520 _aनाटक
630 _aभाऊ मुरारराव
650 _aनाटक
730 _aभाऊ मुरारराव
942 _cBOOK
999 _c632138
_d632135